| Record ID | marc_records_scriblio_net/part01.dat:76947798:1054 |
| Source | Scriblio |
| Download Link | /show-records/marc_records_scriblio_net/part01.dat:76947798:1054?format=raw |
LEADER: 01054cam 2200277 a 4500
001 00368235
003 DLC
005 20011010165926.0
008 000913s2000 io ab b 000 0dind
010 $a 00368235
020 $a9794192597
037 $bLibrary of Congress -- Jakarta Overseas Office$cRp400,000
040 $aDLC$cDLC
042 $alcode
043 $aa-io---
050 00 $aDS632.S9$bE57 2000
245 00 $aEnsiklopedi Sunda :$balam, manusia, dan budaya, termasuk budaya Cirebon dan Betawi /$cpemimpin redaksi, Ajip Rosidi ... [et al.].
250 $aCet. 1.
260 $a[Jakarta] :$bPustaka Jaya,$c2000.
300 $axv, 719 p. :$bill. (some col.), maps ;$c29 cm.
520 $aEncyclopedia of Sundanese arts and culture (including Cirebon and Betawi arts and culture), West Java, Indonesia.
504 $aIncludes bibliographical references (p. 715-718).
650 0 $aSundanese (Indonesian people)$vEncyclopedias.
651 0 $aJawa Barat (Indonesia)$vEncyclopedias.
700 1 $aRosidi, Ajip,$d1938-
710 2 $aPustaka Jaya (Firm)